000 00322nam a22001217a 4500
040 _cMuhammad Ibrahim
082 _a321.5491
_bLIV 2022
100 _a Ashfaque H, Khan & Farah Naz
_9109149
245 _aLiving under hybrid war
260 _aIslamabad
_bNUST Press,
_c2022.
300 _a263 p. ;
_c24 cm.
942 _2ddc
_cBK
999 _c593606
_d593606